Most Populated City in Each County in New York - Statistics

General Stats
  • This quiz has been taken 52 times
  • The average score is 31 of 62
Answer Stats
County City Pop. City % Correct
Albany 98,617 Albany
100%
Bronx 1,379,946 New York City
100%
Kings 2,736,074 New York City
100%
New York 1,694,251 New York City
100%
Queens 2,405,464 New York City
100%
Richmond 495,747 New York City
100%
Erie 276,807 Buffalo
98%
Monroe 210,606 Rochester
95%
Westchester 209,530 Yonkers
95%
Niagara 48,360 Niagara Falls
93%
Onondaga 146,103 Syracuse
93%
Schenectady 66,990 Schenectady
90%
Broome 47,566 Binghamton
85%
Oneida 64,501 Utica
85%
Saratoga 28,301 Saratoga Springs
83%
Tompkins 31,710 Ithaca
80%
Rensselaer 50,394 Troy
80%
Dutchess 31,850 Poughkeepsie
75%
Oswego 17,100 Oswego
73%
Clinton 19,909 Plattsburgh
68%
Chautauqua 28,393 Jamestown
65%
Chemung 26,299 Elmira
60%
Nassau 768,103 Hempstead
60%
Ulster 24,100 Kingston
60%
Cortland 17,220 Cortland
58%
Livingston 8,019 Geneseo
55%
Columbia 5,898 Hudson
53%
Montgomery 18,187 Amsterdam
45%
Otsego 12,508 Oneonta
45%
Cayuga 26,664 Auburn
43%
Steuben 10,738 Corning
43%
Warren 14,722 Glens Falls
43%
Cattaraugus 13,786 Olean
43%
Genesee 15,482 Batavia
40%
Seneca 6,276 Seneca Falls
40%
Ontario 12,432 Geneva
35%
Schuyler 1,832 Watkins Glen
33%
Suffolk 482,436 Brookhaven
30%
Sullivan 7,332 Monticello
30%
Chenango 6,840 Norwich
30%
Madison 10,329 Oneida
30%
Yates 5,079 Penn Yan
30%
Putnam 34,305 Carmel
28%
St. Lawrence 7,064 Canton
25%
Schoharie 6,239 Cobleskill
25%
Franklin 14,139 Malone
25%
Greene 3,844 Catskill
23%
Orleans 5,634 Albion
20%
Fulton 15,068 Gloversville
20%
Lewis 3,331 Lowville
20%
Essex 3,466 Ticonderoga
20%
Delaware 3,698 Sidney
18%
Orange 32,954 Palm Tree
15%
Rockland 136,848 Ramapo
15%
Allegany 4,630 Wellsville
15%
Washington 7,393 Hudson Falls
13%
Wayne 8,980 Newark
13%
Wyoming 3,654 Perry
13%
Jefferson 21,289 Le Ray
10%
Hamilton 374 Long Lake
10%
Tioga 4,288 Waverly
10%
Herkimer 12,547 German Flatts
8%
No matching quizzes found
Score Distribution
Percent of People with Each Score
Percentile by Number Answered
Your Score History
You have not taken this quiz